История стран Азии и Африки новейшего времени. 1945-2011 гг.: учебное пособие

Bibliografiske detaljer
Hovedforfatter: Лицарева Е. Ю. Елена Юрьевна
Institution som forfatter: Томский государственный университет (ТГУ)
Summary:Учебное пособие является третьим, переработанным и дополненньм изданием краткого изложения курса лекций по дисциплине «История стран Азии и Африки». Для студентов Томского государственного университета, обучающихся по специальности «международные отношения».
Sprog:russisk
Udgivet: Томск, Изд-во ТГУ, 2012
Udgivelse:[3-е изд., перераб. и доп.]
Fag:
Format: MixedMaterials Bog
KOHA link:https://koha.lib.tpu.ru/cgi-bin/koha/opac-detail.pl?biblionumber=275773

MARC

LEADER 00000nam0a2200000 4500
001 275773
005 20231101234846.0
035 |a (RuTPU)RU\TPU\book\299024 
090 |a 275773 
100 |a 20141117d2012 m y0rusy50 ca 
101 0 |a rus 
102 |a RU 
105 |a y j 001zy 
200 1 |a История стран Азии и Африки новейшего времени. 1945-2011 гг.  |e учебное пособие  |f Е. Ю. Лицарева  |g Томский государственный университет (ТГУ) 
205 |a [3-е изд., перераб. и доп.] 
210 |a Томск  |c Изд-во ТГУ  |d 2012 
215 |a 172 с. 
320 |a Библиогр.: с. 161-164. 
330 |a Учебное пособие является третьим, переработанным и дополненньм изданием краткого изложения курса лекций по дисциплине «История стран Азии и Африки». Для студентов Томского государственного университета, обучающихся по специальности «международные отношения». 
606 1 |a Азия  |x История  |2 stltpush  |3 (RuTPU)RU\TPU\subj\68948  |9 84005 
606 1 |a Африка  |x История  |2 stltpush  |3 (RuTPU)RU\TPU\subj\69178  |9 84145 
610 1 |a 20 век 
610 1 |a 21 век 
610 1 |a Азиатско-Тихоокеанский регион 
610 1 |a Япония 
610 1 |a Китай 
610 1 |a Вьетнам 
610 1 |a Корея 
610 1 |a Индонезия 
610 1 |a Индия 
610 1 |a Иран 
610 1 |a Турция 
610 1 |a Египет 
610 1 |a учебные пособия 
686 |a Т3(5)я73  |v LBC/SL-A  |2 rubbk 
686 |a Т3(6)я73  |v LBC/SL-A  |2 rubbk 
700 1 |a Лицарева  |b Е. Ю.  |g Елена Юрьевна 
712 0 2 |a Томский государственный университет (ТГУ)  |2 stltpush  |3 (RuTPU)RU\TPU\col\397 
801 1 |a RU  |b 63413507  |c 20141117 
801 2 |a RU  |b 63413507  |c 20141121  |g RCR 
942 |c BK